| 000 | 00810nam a2200241Ia 4500 | ||
|---|---|---|---|
| 003 | OSt | ||
| 005 | 20220923213016.0 | ||
| 006 | a|||||r|||| 00| 0 | ||
| 007 | ta | ||
| 008 | 220922b |||||||| |||| 00| 0 hin d | ||
| 024 | _a158,285 | ||
| 037 | _cTextual | ||
| 040 |
_aARTS _cARTS _bhin |
||
| 041 |
_2hin _ahin |
||
| 082 | _aO152,1xM0, J1 | ||
| 100 |
_aबालसहाय, संपा. _9156275 |
||
| 245 | 0 | _aप्रचीन काव्य कुसुमाकर | |
| 246 | _aPrachīn kāvya kusumākara | ||
| 260 |
_aदिल्ली _b मेहरचंद्व लक्ष्मणदास _c1951 |
||
| 650 |
_aहिन्दी साहित्य _9156264 |
||
| 942 |
_hO152,1xM0, J1 _cTEXL _2CC |
||
| 999 |
_c313084 _d313084 |
||